Normal view
MARC view
Entry Geographic Name
001 - CONTROL NUMBER
- control field: 212994
003 - CONTROL NUMBER IDENTIFIER
- control field:
005 - DATE AND TIME OF LATEST TRANSACTION
- control field: 20210601201628.0
008 - FIXED-LENGTH DATA ELEMENTS
- fixed length control field: 210601|| aca||aabn | a|a d
040 ## - CATALOGING SOURCE
- Original cataloging agency:
- Transcribing agency:
151 ## - HEADING--GEOGRAPHIC NAME
- Geographic name: Belgium
- General subdivision: Economic conditions
670 ## - SOURCE DATA FOUND
- Source citation: Work cat.: (): Organisation for European Economic Co-operation (Paris), Economic conditions in member and associated countries of the OEEC :, 1960
